[Event "43. Olimpiada Batumi 2018 Femenina"]
[Site "Batumi GEO"]
[Date "2018.09.26"]
[Round "3.4"]
[White "Gutmakher, Olga"]
[Black "Schleining, Zoya"]
[Result "1-0"]
[WhiteElo "2258"]
[BlackElo "2370"]
[PlyCount "81"]
[EventDate "2018.09.24"]
[EventType "team-swiss"]
[EventRounds "11"]
[EventCountry "GEO"]
[SourceTitle "Ajedrez en Madrid"]
[Source "lmi"]
[SourceDate "2018.09.24"]
[WhiteTeam "Israel"]
[BlackTeam "Germany"]
[WhiteTeamCountry "ISR"]
[BlackTeamCountry "GER"]

1. e4 c6 2. d4 d5 3. e5 Bf5 4. Nf3 e6 5. Be2 Nd7 6. O-O h6 7. Nbd2 Ne7 8. a4 g5
9. Ne1 c5 10. c3 cxd4 11. cxd4 Rc8 12. g4 Bh7 13. a5 a6 14. f4 gxf4 15. Ng2 Ng6
16. Nf3 Bb4 17. Qa4 Be7 18. Qb3 Rc7 19. Bd3 O-O 20. Bxf4 Nxf4 21. Nxf4 Bg5 22.
Bxh7+ Kxh7 23. Qd3+ Kh8 24. Ng2 f5 25. h4 fxg4 26. Nxg5 hxg5 27. Qg6 Qe7 28.
Qh6+ Kg8 29. Qg6+ Kh8 30. hxg5 Rf3 31. Rxf3 gxf3 32. Qh5+ Kg8 33. Qg6+ Kh8 34.
Ra3 Rc1+ 35. Kf2 Nf8 36. Qh6+ Kg8 37. Rxf3 Qb4 38. Kg3 Rg1 39. Kh2 Rc1 40. g6
Rc7 41. Rh3 1-0

[Event "43. Olimpiada Batumi 2018 Femenina"]
[Site "Batumi GEO"]
[Date "2018.09.26"]
[Round "3.1"]
[White "Richards, Heather S"]
[Black "Cori T., Deysi"]
[Result "1/2-1/2"]
[WhiteElo "2259"]
[BlackElo "2391"]
[PlyCount "89"]
[EventDate "2018.09.24"]
[EventType "team-swiss"]
[EventRounds "11"]
[EventCountry "GEO"]
[SourceTitle "Ajedrez en Madrid"]
[Source "lmi"]
[SourceDate "2018.09.24"]
[WhiteTeam "Australia"]
[BlackTeam "Peru"]
[WhiteTeamCountry "AUS"]
[BlackTeamCountry "PER"]

1. e4 c5 2. c3 e6 3. d4 cxd4 4. cxd4 d5 5. e5 Nc6 6. Nf3 Nge7 7. Nc3 Nf5 8. Be2
Qb6 9. Na4 Bb4+ 10. Kf1 Qd8 11. h4 h5 12. Bf4 Bd7 13. Rc1 Rc8 14. Nc5 Ncxd4 15.
Nxd4 Rxc5 16. Nxf5 exf5 17. Rb1 Bb5 18. Bg5 Qd7 19. a3 Bxe2+ 20. Qxe2 Ba5 21.
b4 Rb5 22. Rh3 d4 23. Rc1 Bb6 24. Rg3 Rd5 25. Bf4 d3 26. Qf3 d2 27. Rd1 g6 28.
Qe2 Bd8 29. Rxd2 Bxh4 30. Rxd5 Qxd5 31. Rd3 Qe4 32. Qxe4 fxe4 33. Rd4 Be7 34.
Be3 a6 35. Ke2 h4 36. Rxe4 Kd7 37. Rc4 b5 38. Rc3 h3 39. gxh3 Rxh3 40. Kd3 Bd8
41. Ke4 Bc7 42. f4 Rg3 43. Rd3+ Ke6 44. Rc3 Kd7 45. Rd3+ 1/2-1/2

[Event "43. Olimpiada Batumi 2018 Femenina"]
[Site "Batumi GEO"]
[Date "2018.09.26"]
[Round "3.2"]
[White "Paredes Bustamante, Paula Elizab"]
[Black "Zhang, Jilin"]
[Result "1/2-1/2"]
[WhiteElo "2151"]
[BlackElo "2224"]
[PlyCount "116"]
[EventDate "2018.09.24"]
[EventType "team-swiss"]
[EventRounds "11"]
[EventCountry "GEO"]
[SourceTitle "Ajedrez en Madrid"]
[Source "lmi"]
[SourceDate "2018.09.24"]
[WhiteTeam "Peru"]
[BlackTeam "Australia"]
[WhiteTeamCountry "PER"]
[BlackTeamCountry "AUS"]

1. e4 c5 2. Nf3 d6 3. d4 cxd4 4. Nxd4 Nf6 5. Nc3 e5 6. Nb3 Be7 7. Be2 O-O 8.
Be3 Be6 9. O-O Nbd7 10. f4 Rc8 11. f5 Bc4 12. Bxc4 Rxc4 13. Qd3 Qc8 14. h3 Re8
15. a4 a6 16. g4 d5 17. exd5 e4 18. Qe2 Bb4 19. Rad1 Bxc3 20. bxc3 Rxc3 21. Rf2
Ne5 22. d6 Nfd7 23. Kg2 Nc4 24. Bd4 e3 25. Rf3 Nb2 26. Bxc3 Nxd1 27. Bd4 Nc3
28. Qd3 Nd5 29. Bxe3 Nxe3+ 30. Rxe3 Rxe3 31. Qxe3 Qc6+ 32. Qf3 Qxd6 33. Qxb7 h5
34. a5 h4 35. Qf3 Ne5 36. Qa8+ Kh7 37. Qe4 f6 38. Nc1 Nf7 39. Ne2 Ng5 40. Qd3
Qc6+ 41. Kf1 Qh1+ 42. Ng1 Ne4 43. Qe3 Ng3+ 44. Ke1 Qg2 45. Kd1 Qd5+ 46. Qd2 Qa2
47. Ne2 Qa1+ 48. Nc1 Ne4 49. Qe1 Nc3+ 50. Kd2 Qxa5 51. Qxh4+ Kg8 52. Nd3 Nd5+
53. Kc1 Qa1+ 54. Kd2 Qc3+ 55. Kc1 Qa1+ 56. Kd2 Qc3+ 57. Kc1 Qa1+ 58. Kd2 Qc3+
1/2-1/2

[Event "43. Olimpiada Batumi 2018 Femenina"]
[Site "Batumi GEO"]
[Date "2018.09.26"]
[Round "3.3"]
[White "Nguyen, Thu Giang"]
[Black "Chumpitaz, Ann"]
[Result "1-0"]
[WhiteElo "2134"]
[BlackElo "2222"]
[PlyCount "101"]
[EventDate "2018.09.24"]
[EventType "team-swiss"]
[EventRounds "11"]
[EventCountry "GEO"]
[SourceTitle "Ajedrez en Madrid"]
[Source "lmi"]
[SourceDate "2018.09.24"]
[WhiteTeam "Australia"]
[BlackTeam "Peru"]
[WhiteTeamCountry "AUS"]
[BlackTeamCountry "PER"]

1. e4 c5 2. Nf3 d6 3. Bb5+ Bd7 4. Bxd7+ Qxd7 5. c4 Nc6 6. d4 cxd4 7. Nxd4 g6 8.
O-O Bg7 9. Be3 Nf6 10. f3 O-O 11. Nc3 a6 12. a4 Qc8 13. Rc1 Nd7 14. Nd5 Re8 15.
b3 e6 16. Nc3 Nxd4 17. Bxd4 Bxd4+ 18. Qxd4 Qc5 19. Rfd1 Rad8 20. f4 e5 21. Qxc5
Nxc5 22. b4 Nb3 23. Rb1 Nd4 24. Nd5 Kg7 25. fxe5 dxe5 26. Kf2 f5 27. Ke3 Rf8
28. Rbc1 fxe4 29. Kxe4 Rf2 30. Ne3 Rf4+ 31. Kxe5 Rff8 32. Nd5 Ne2 33. Nc7 Rf5+
34. Ke6 Nxc1 35. Rxc1 Rd4 36. Ne8+ Kf8 37. Nd6 Rf2 38. Nxb7 Re2+ 39. Kf6 Rxg2
40. b5 Ra2 41. Nc5 Rf4+ 42. Ke5 Rf5+ 43. Kd4 axb5 44. axb5 Rxh2 45. b6 Rh4+ 46.
Ne4 Ke7 47. c5 Kd7 48. c6+ Kc8 49. Ra1 Kb8 50. c7+ Kb7 51. Ra8 1-0

[Event "43. Olimpiada Batumi 2018 Femenina"]
[Site "Batumi GEO"]
[Date "2018.09.26"]
[Round "3.4"]
[White "Caballero Quijano, Mitzy Mishell"]
[Black "Berezina, Irina"]
[Result "1/2-1/2"]
[WhiteElo "2034"]
[BlackElo "2112"]
[PlyCount "98"]
[EventDate "2018.09.24"]
[EventType "team-swiss"]
[EventRounds "11"]
[EventCountry "GEO"]
[SourceTitle "Ajedrez en Madrid"]
[Source "lmi"]
[SourceDate "2018.09.24"]
[WhiteTeam "Peru"]
[BlackTeam "Australia"]
[WhiteTeamCountry "PER"]
[BlackTeamCountry "AUS"]

1. d4 Nf6 2. Nf3 g6 3. c4 Bg7 4. g3 d6 5. Bg2 O-O 6. O-O Nc6 7. Nc3 a6 8. h3
Bd7 9. e4 Qc8 10. Kh2 e5 11. Be3 b5 12. dxe5 Nxe5 13. Nxe5 dxe5 14. c5 b4 15.
Nd5 Nxd5 16. exd5 Bb5 17. Re1 Rb8 18. Qd2 a5 19. Bh6 Bxh6 20. Qxh6 Qf5 21. Qe3
Rfe8 22. a4 bxa3 23. b3 Qc2 24. Be4 Qb2 25. Reb1 Qd4 26. Rxa3 f5 27. Bg2 Qxe3
28. fxe3 Bd3 29. Rb2 Rb5 30. b4 e4 31. Rxa5 Reb8 32. Rxb5 Bxb5 33. g4 Rd8 34.
gxf5 gxf5 35. Kg3 Rxd5 36. Kf4 Kg7 37. h4 Kf6 38. Bh3 Rd1 39. Rf2 Bd7 40. c6
Be6 41. Bf1 Rb1 42. b5 Bf7 43. Be2 Rb2 44. Kg3 Ke5 45. Rg2 Rb3 46. Kf2 Kf6 47.
Rg1 Rb2 48. Ke1 Rb1+ 49. Kf2 Rb2 1/2-1/2

[Event "43. Olimpiada Batumi 2018 Femenina"]
[Site "Batumi GEO"]
[Date "2018.09.26"]
[Round "3.1"]
[White "Rogule, Laura"]
[Black "Saduakassova, Dinara"]
[Result "1/2-1/2"]
[WhiteElo "2268"]
[BlackElo "2474"]
[PlyCount "94"]
[EventDate "2018.09.24"]
[EventType "team-swiss"]
[EventRounds "11"]
[EventCountry "GEO"]
[SourceTitle "Ajedrez en Madrid"]
[Source "lmi"]
[SourceDate "2018.09.24"]
[WhiteTeam "Latvia"]
[BlackTeam "Kazakhstan"]
[WhiteTeamCountry "LAT"]
[BlackTeamCountry "KAZ"]

1. Nf3 c5 2. c4 g6 3. g3 Bg7 4. Bg2 Nc6 5. O-O d6 6. Nc3 Nh6 7. e4 O-O 8. d3 f5
9. Ng5 Nd4 10. f4 Rb8 11. h3 a6 12. Be3 Nf7 13. Nf3 b5 14. cxb5 axb5 15. Qd2 b4
16. Ne2 e5 17. Kh2 Nxf3+ 18. Bxf3 Qe7 19. Bg2 Bb7 20. Rae1 Rbe8 21. a3 fxe4 22.
dxe4 exf4 23. Nxf4 bxa3 24. bxa3 Ra8 25. Qa2 c4 26. Qxc4 Ba6 27. Nd5 Qb7 28.
Qa2 Bxf1 29. Rxf1 Qb2 30. Ne7+ Kh8 31. Qd5 Ne5 32. Bc1 Qe2 33. Bf4 Rae8 34.
Qxd6 Nd3 35. Nd5 Nxf4 36. Rxf4 Rxf4 37. Nxf4 Qb5 38. Qd2 Be5 39. h4 Qb8 40. h5
Rd8 41. Qe3 Rf8 42. Nxg6+ hxg6 43. Qh6+ Kg8 44. Qxg6+ Kh8 45. Qh6+ Kg8 46. Qg6+
Kh8 47. Qh6+ Kg8 1/2-1/2

[Event "43. Olimpiada Batumi 2018 Femenina"]
[Site "Batumi GEO"]
[Date "2018.09.26"]
[Round "3.2"]
[White "Abdumalik, Zhansaya"]
[Black "Berzina, Ilze"]
[Result "1/2-1/2"]
[WhiteElo "2482"]
[BlackElo "2218"]
[PlyCount "120"]
[EventDate "2018.09.24"]
[EventType "team-swiss"]
[EventRounds "11"]
[EventCountry "GEO"]
[SourceTitle "Ajedrez en Madrid"]
[Source "lmi"]
[SourceDate "2018.09.24"]
[WhiteTeam "Kazakhstan"]
[BlackTeam "Latvia"]
[WhiteTeamCountry "KAZ"]
[BlackTeamCountry "LAT"]

1. e4 c6 2. d4 d5 3. Nd2 dxe4 4. Nxe4 Nd7 5. Nf3 Ngf6 6. Ng3 e6 7. Bd3 c5 8.
O-O Be7 9. Qe2 O-O 10. Rd1 Qc7 11. Bg5 h6 12. Bh4 cxd4 13. Ne4 Nd5 14. Bxe7
Nxe7 15. Nxd4 a6 16. c3 Nd5 17. Bc2 Ne5 18. Ng3 Nf4 19. Qe4 Neg6 20. Nge2 Nd5
21. Bb3 Nf6 22. Qc2 Ne5 23. Ng3 b6 24. Re1 Bb7 25. f3 Nc4 26. Qe2 Bd5 27. Ne4
Nh5 28. Qf2 Nf4 29. Rad1 f5 30. Ng3 b5 31. Nf1 Rf6 32. Kh1 Rg6 33. g3 Nh3 34.
Qg2 Nf4 35. Qf2 Nh3 36. Qe2 Ng5 37. Ne3 Bb7 38. Ng2 e5 39. Bxc4+ bxc4 40. Qxe5
Qxe5 41. Rxe5 Nxf3 42. Nxf3 Bxf3 43. Rd2 Be4 44. Kg1 Rb8 45. Ne3 Bb1 46. Ra5 f4
47. Nd5 Rg5 48. Ne7+ Kf7 49. Rxg5 hxg5 50. Nc6 Re8 51. Kf2 Bxa2 52. Nb4 Bb1 53.
Nxa6 Kf6 54. Rd4 Bd3 55. Nb4 Re2+ 56. Kf3 Re3+ 57. Kf2 Re2+ 58. Kf3 Re3+ 59.
Kf2 Re2+ 60. Kf3 Re3+ 1/2-1/2

[Event "43. Olimpiada Batumi 2018 Femenina"]
[Site "Batumi GEO"]
[Date "2018.09.26"]
[Round "3.3"]
[White "Krumina, Linda"]
[Black "Nakhbayeva, Guliskhan"]
[Result "0-1"]
[WhiteElo "2081"]
[BlackElo "2394"]
[PlyCount "62"]
[EventDate "2018.09.24"]
[EventType "team-swiss"]
[EventRounds "11"]
[EventCountry "GEO"]
[SourceTitle "Ajedrez en Madrid"]
[Source "lmi"]
[SourceDate "2018.09.24"]
[WhiteTeam "Latvia"]
[BlackTeam "Kazakhstan"]
[WhiteTeamCountry "LAT"]
[BlackTeamCountry "KAZ"]

1. d4 Nf6 2. c4 e6 3. Nf3 d5 4. Nc3 dxc4 5. e3 a6 6. Bxc4 b5 7. Bd3 Bb7 8. O-O
Nbd7 9. b3 c5 10. Bb2 Bd6 11. Qe2 O-O 12. Rac1 Rc8 13. Rfd1 cxd4 14. Nxd4 Ne5
15. Bb1 Qe7 16. a4 b4 17. Na2 h6 18. Rxc8 Rxc8 19. Rc1 Rc7 20. f4 Rxc1+ 21.
Nxc1 Ned7 22. Nd3 Ne4 23. Nf2 Nxf2 24. Qxf2 Nc5 25. Qe2 Qd7 26. Qg4 Bf8 27. Bc2
Qd5 28. f5 e5 29. Nf3 Nd3 30. Ba1 Qc5 31. Bxd3 Qxe3+ 0-1

[Event "43. Olimpiada Batumi 2018 Femenina"]
[Site "Batumi GEO"]
[Date "2018.09.26"]
[Round "3.4"]
[White "Dauletova, Gulmira"]
[Black "Limanovska, Elizabete"]
[Result "0-1"]
[WhiteElo "2263"]
[BlackElo "2064"]
[PlyCount "106"]
[EventDate "2018.09.24"]
[EventType "team-swiss"]
[EventRounds "11"]
[EventCountry "GEO"]
[SourceTitle "Ajedrez en Madrid"]
[Source "lmi"]
[SourceDate "2018.09.24"]
[WhiteTeam "Kazakhstan"]
[BlackTeam "Latvia"]
[WhiteTeamCountry "KAZ"]
[BlackTeamCountry "LAT"]

1. e4 c5 2. Nf3 d6 3. d4 cxd4 4. Nxd4 Nf6 5. Nc3 a6 6. g3 e5 7. Nde2 Be7 8. Bg2
Nbd7 9. a4 Nc5 10. a5 b5 11. Bg5 Bb7 12. Bxf6 Bxf6 13. Nd5 O-O 14. O-O Bxd5 15.
Qxd5 Qc7 16. Qd2 Rac8 17. Nc3 Na4 18. Bh3 Nxc3 19. Bxc8 Nxe4 20. Qe3 Nxg3 21.
hxg3 Qxc8 22. c3 d5 23. Rfd1 Rd8 24. Rd3 h5 25. Rad1 d4 26. cxd4 exd4 27. Qf4
Qe6 28. Qf3 Rd5 29. Rc1 h4 30. Kf1 hxg3 31. Qxg3 Rh5 32. Qg2 Qf5 33. Rf3 Qd5
34. Rh3 Qxg2+ 35. Kxg2 Rxh3 36. Kxh3 Kf8 37. Kg4 Ke7 38. Rc6 d3 39. Kf3 Bxb2
40. Rxa6 Bd4 41. Ra8 g5 42. Rg8 Kf6 43. Rh8 Kf5 44. Rh1 g4+ 45. Kg2 Ke4 46. Rd1
f5 47. Kf1 g3 48. fxg3 Ke3 49. a6 d2 50. a7 Bxa7 51. Ra1 b4 52. Kg2 Bd4 53. Rb1
Ke2 0-1

[Event "43. Olimpiada Batumi 2018 Femenina"]
[Site "Batumi GEO"]
[Date "2018.09.26"]
[Round "3.1"]
[White "Khomeriki, Nino"]
[Black "Terao, Juliana Sayumi"]
[Result "1-0"]
[WhiteElo "2313"]
[BlackElo "2255"]
[PlyCount "73"]
[EventDate "2018.09.24"]
[EventType "team-swiss"]
[EventRounds "11"]
[EventCountry "GEO"]
[SourceTitle "Ajedrez en Madrid"]
[Source "lmi"]
[SourceDate "2018.09.24"]
[WhiteTeam "Georgia 3"]
[BlackTeam "Brazil"]
[BlackTeamCountry "BRA"]

1. c4 c5 2. Nc3 Nc6 3. Nf3 g6 4. g3 Bg7 5. Bg2 e6 6. d4 cxd4 7. Nb5 d6 8. Nfxd4
Nxd4 9. Nxd4 a6 10. O-O Ne7 11. e4 O-O 12. Bg5 h6 13. Be3 e5 14. Ne2 Be6 15. b3
b5 16. cxb5 axb5 17. Qd2 Kh7 18. Rfd1 Ra6 19. Nc3 b4 20. Nb5 Qa5 21. Bf1 Bg4
22. Rdc1 Rd8 23. a3 Bf3 24. Qe1 Rc6 25. axb4 Rxc1 26. Qxc1 Qxb4 27. Qc7 Re8 28.
Nxd6 Qb8 29. Nxe8 Qxe8 30. Ra7 Nc6 31. Qxf7 Qxf7 32. Rxf7 Bxe4 33. Bg2 Bxg2 34.
Kxg2 g5 35. Rc7 Nb4 36. Bc5 Na6 37. Rc6 1-0

[Event "43. Olimpiada Batumi 2018 Femenina"]
[Site "Batumi GEO"]
[Date "2018.09.26"]
[Round "3.2"]
[White "Alboredo, Julia"]
[Black "Koridze, Lile"]
[Result "1/2-1/2"]
[WhiteElo "2174"]
[BlackElo "1931"]
[PlyCount "198"]
[EventDate "2018.09.24"]
[EventType "team-swiss"]
[EventRounds "11"]
[EventCountry "GEO"]
[SourceTitle "Ajedrez en Madrid"]
[Source "lmi"]
[SourceDate "2018.09.24"]
[WhiteTeam "Brazil"]
[BlackTeam "Georgia 3"]
[WhiteTeamCountry "BRA"]

1. e4 c5 2. Nf3 d6 3. Nc3 Nc6 4. Bb5 Bd7 5. Bxc6 Bxc6 6. d4 cxd4 7. Nxd4 Nf6 8.
Qf3 Qc7 9. O-O g6 10. Bg5 Bg7 11. Rad1 O-O 12. Rfe1 Rae8 13. Qe2 Qb6 14. Nb3
Nd7 15. Be3 Qc7 16. Bd4 Nf6 17. e5 dxe5 18. Bxe5 Qc8 19. Nd4 a6 20. Nxc6 Qxc6
21. h3 Rd8 22. Rd2 Rd7 23. Rxd7 Qxd7 24. Rd1 Qc6 25. Bxf6 Bxf6 26. Nd5 Kg7 27.
Nxf6 Kxf6 28. Rd3 Qc7 29. Qd2 Rc8 30. c3 Qe5 31. Rd5 Qe4 32. Rd3 Kg7 33. Re3
Qb1+ 34. Kh2 Qxa2 35. Rxe7 Qb3 36. Qd4+ Kg8 37. Qd7 Rf8 38. Qxb7 Qc4 39. Re3
Rd8 40. Qf3 Qc7+ 41. g3 Qd6 42. Qe2 Qc6 43. h4 a5 44. Re5 a4 45. h5 Kg7 46. Qe3
h6 47. hxg6 Rd1 48. Re4 Qxg6 49. Qe2 Kh7 50. Qxd1 Qxe4 51. Qd4 Qf3 52. Kg1 Qc6
53. c4 Kg6 54. c5 Kf5 55. Qf4+ Kg6 56. Qe5 f6 57. Qd4 Kf7 58. Qe3 Kg6 59. f3
Kf7 60. Kg2 Qb5 61. Qf2 Qc4 62. g4 Qb5 63. Qc2 Qc6 64. Qc4+ Kg7 65. Qd4 Kf7 66.
Kg3 Qc7+ 67. Kg2 Qc6 68. Qb4 Ke7 69. Kg3 Qc7+ 70. Kg2 Qc6 71. Kf2 Kd7 72. Qd4+
Kc7 73. Kg3 Kb7 74. Kf4 Ka6 75. Qd6 Kb5 76. Qd3+ Kxc5 77. Kf5 Kb4 78. Qa3+ Kb5
79. Qd3+ Kb4 80. Qa3+ Ka5 81. Kg6 f5+ 82. Kxf5 Qd5+ 83. Kf4 Qd2+ 84. Ke4 Qe2+
85. Kd4 Qd2+ 86. Ke5 Qh2+ 87. Kf5 Qc2+ 88. Kf4 Qd2+ 89. Ke5 Qg5+ 90. Ke4 Qg6+
91. Kf4 Qg5+ 92. Kg3 Qe5+ 93. Kh3 h5 94. Qa1 hxg4+ 95. Kxg4 Qg7+ 96. Kf4 Qf6+
97. Ke3 Qe5+ 98. Kd3 Qf5+ 99. Ke3 Qe5+ 1/2-1/2

[Event "43. Olimpiada Batumi 2018 Femenina"]
[Site "Batumi GEO"]
[Date "2018.09.26"]
[Round "3.3"]
[White "Esadze, Tamari"]
[Black "Librelato, Kathie Goulart"]
[Result "1-0"]
[WhiteElo "1911"]
[BlackElo "2110"]
[PlyCount "79"]
[EventDate "2018.09.24"]
[EventType "team-swiss"]
[EventRounds "11"]
[EventCountry "GEO"]
[SourceTitle "Ajedrez en Madrid"]
[Source "lmi"]
[SourceDate "2018.09.24"]
[WhiteTeam "Georgia 3"]
[BlackTeam "Brazil"]
[BlackTeamCountry "BRA"]

1. e4 e5 2. Nf3 Nc6 3. Bb5 a6 4. Ba4 Nf6 5. O-O Be7 6. Re1 b5 7. Bb3 d6 8. h3
O-O 9. c3 Bb7 10. d4 Re8 11. Nbd2 exd4 12. cxd4 Nd7 13. Nf1 Bf6 14. Ng3 Na5 15.
Bc2 g6 16. Nh2 c5 17. d5 Nc4 18. Rb1 Nce5 19. b3 Nb6 20. f4 Ned7 21. Ng4 Bg7
22. Rf1 Nf6 23. f5 Nxg4 24. Qxg4 Nd7 25. fxg6 fxg6 26. Bg5 Qc7 27. Qh4 Ne5 28.
Ne2 Bc8 29. Rf2 Bd7 30. Rbf1 b4 31. Bf6 Bxf6 32. Rxf6 Bb5 33. R1f2 Bxe2 34.
Rxe2 c4 35. Ref2 a5 36. bxc4 a4 37. Qh6 Qc5 38. Bxa4 Nd3 39. Bxe8 Rxe8 40. Rf8+
1-0

[Event "43. Olimpiada Batumi 2018 Femenina"]
[Site "Batumi GEO"]
[Date "2018.09.26"]
[Round "3.4"]
[White "Rothebarth, Ana Vitoria de Paul"]
[Black "Lomaia, Diana"]
[Result "0-1"]
[WhiteElo "2063"]
[BlackElo "1876"]
[PlyCount "62"]
[EventDate "2018.09.24"]
[EventType "team-swiss"]
[EventRounds "11"]
[EventCountry "GEO"]
[SourceTitle "Ajedrez en Madrid"]
[Source "lmi"]
[SourceDate "2018.09.24"]
[WhiteTeam "Brazil"]
[BlackTeam "Georgia 3"]
[WhiteTeamCountry "BRA"]

1. e4 c5 2. Nf3 d6 3. Bb5+ Bd7 4. Bxd7+ Qxd7 5. c4 Nf6 6. Nc3 g6 7. d4 cxd4 8.
Nxd4 Bg7 9. b3 Nc6 10. Bb2 O-O 11. O-O Rac8 12. Re1 Rfd8 13. Nd5 Nh5 14. Re2 e6
15. Ne3 Nf6 16. f3 d5 17. exd5 exd5 18. Nxc6 bxc6 19. cxd5 cxd5 20. Bd4 Qb7 21.
Rc1 Rxc1 22. Qxc1 Nh5 23. Qb2 Qa6 24. Bxg7 Nxg7 25. Ng4 d4 26. Nh6+ Kf8 27. Rd2
Ne6 28. Ng4 Qd6 29. Nf2 Nf4 30. Nd3 Qe6 31. Qb1 Qe3+ 0-1

[Event "43. Olimpiada Batumi 2018 Femenina"]
[Site "Batumi GEO"]
[Date "2018.09.26"]
[Round "3.1"]
[White "Sanchez Castillo, Sarai Carolina"]
[Black "Frayna, Janelle Mae"]
[Result "0-1"]
[WhiteElo "2137"]
[BlackElo "2287"]
[PlyCount "90"]
[EventDate "2018.09.24"]
[EventType "team-swiss"]
[EventRounds "11"]
[EventCountry "GEO"]
[SourceTitle "Ajedrez en Madrid"]
[Source "lmi"]
[SourceDate "2018.09.24"]
[WhiteTeam "Venezuela"]
[BlackTeam "Philippines"]
[WhiteTeamCountry "VEN"]
[BlackTeamCountry "PHI"]

1. e4 c6 2. d4 d5 3. Nc3 dxe4 4. Nxe4 Bf5 5. Ng3 Bg6 6. h4 h6 7. Nf3 Nd7 8. Bd3
Bxd3 9. Qxd3 Ngf6 10. Bd2 e6 11. O-O-O Be7 12. Kb1 O-O 13. Ng5 c5 14. Nh5 cxd4
15. Rh3 Qb6 16. Rg3 Qa6 17. Nxf6+ Nxf6 18. Ne4 Qxd3 19. cxd3 Nh5 20. Rh3 f5 21.
Ng3 Nxg3 22. fxg3 e5 23. Rhh1 Bd6 24. Rhe1 Rae8 25. g4 fxg4 26. Re4 h5 27. Bg5
Rf2 28. Rde1 Rc8 29. R4e2 Rxe2 30. Rxe2 Kf7 31. a3 Ke6 32. Ka2 Kd5 33. Kb3 Rf8
34. Bd2 Be7 35. Be1 g5 36. hxg5 Bxg5 37. Bb4 Rf1 38. Rc2 Rc1 39. Rf2 Bf4 40. g3
Bxg3 41. Rf8 h4 42. Rd8+ Ke6 43. Rd6+ Kf7 44. Rd7+ Kg6 45. Bf8 h3 0-1

[Event "43. Olimpiada Batumi 2018 Femenina"]
[Site "Batumi GEO"]
[Date "2018.09.26"]
[Round "3.2"]
[White "Secopito, Catherine"]
[Black "Rovira Contreras, Tairu Manuela"]
[Result "1/2-1/2"]
[WhiteElo "2157"]
[BlackElo "2033"]
[PlyCount "98"]
[EventDate "2018.09.24"]
[EventType "team-swiss"]
[EventRounds "11"]
[EventCountry "GEO"]
[SourceTitle "Ajedrez en Madrid"]
[Source "lmi"]
[SourceDate "2018.09.24"]
[WhiteTeam "Philippines"]
[BlackTeam "Venezuela"]
[WhiteTeamCountry "PHI"]
[BlackTeamCountry "VEN"]

1. d4 Nf6 2. Nf3 g6 3. c4 Bg7 4. Nc3 O-O 5. g3 d6 6. Bg2 Nc6 7. O-O a6 8. Bg5
h6 9. Bd2 Bg4 10. Be3 Rb8 11. b3 Qc8 12. Qd2 Kh7 13. Ne1 Bh3 14. f3 Bxg2 15.
Kxg2 e5 16. d5 Ne7 17. Rc1 c5 18. dxc6 bxc6 19. Qxd6 Nf5 20. Qd2 Rd8 21. Nd3
Qe6 22. Bf2 e4 23. Nxe4 Nxe4 24. fxe4 Qxe4+ 25. Kg1 h5 26. Qf4 Qxe2 27. Rcd1
Rb7 28. Rd2 Qg4 29. Qxg4 hxg4 30. Nc5 Rxd2 31. Nxb7 Kg8 32. a3 Rb2 33. b4 Rc2
34. c5 Nd4 35. Bxd4 Bxd4+ 36. Kh1 Bb2 37. Nd8 Bxa3 38. Nxc6 Bb2 39. Nb8 a5 40.
bxa5 Rxc5 41. Rb1 Bg7 42. a6 Ra5 43. Rd1 Ra4 44. Rd8+ Kh7 45. Rd7 Bd4 46. Rxf7+
Kg8 47. Rf1 Ba7 48. Rb1 Ra2 49. Nc6 Rxa6 1/2-1/2

[Event "43. Olimpiada Batumi 2018 Femenina"]
[Site "Batumi GEO"]
[Date "2018.09.26"]
[Round "3.3"]
[White "Patino Garcia, Corals"]
[Black "Mendoza, Shania Mae"]
[Result "1/2-1/2"]
[WhiteElo "2023"]
[BlackElo "2113"]
[PlyCount "54"]
[EventDate "2018.09.24"]
[EventType "team-swiss"]
[EventRounds "11"]
[EventCountry "GEO"]
[SourceTitle "Ajedrez en Madrid"]
[Source "lmi"]
[SourceDate "2018.09.24"]
[WhiteTeam "Venezuela"]
[BlackTeam "Philippines"]
[WhiteTeamCountry "VEN"]
[BlackTeamCountry "PHI"]

1. d4 d5 2. c4 c6 3. Nc3 Nf6 4. Nf3 e6 5. cxd5 exd5 6. Bg5 Be7 7. e3 O-O 8. Bd3
Nbd7 9. Qc2 Re8 10. O-O h6 11. Bf4 Bb4 12. a3 Bxc3 13. Qxc3 Ne4 14. Qc2 Ndf6
15. b4 Qe7 16. b5 c5 17. dxc5 Nxc5 18. Rfc1 Ne6 19. Bg3 Bd7 20. h3 Rac8 21. Qb2
Nc5 22. Bf1 Na4 23. Qd4 Nc5 24. Qb2 Na4 25. Qd4 Nc5 26. Qb2 Na4 27. Qd4 Nc5
1/2-1/2

[Event "43. Olimpiada Batumi 2018 Femenina"]
[Site "Batumi GEO"]
[Date "2018.09.26"]
[Round "3.4"]
[White "Galas, Bernadette"]
[Black "Alvarado Arcila, Marvia Josefina"]
[Result "1-0"]
[WhiteElo "2080"]
[BlackElo "1956"]
[PlyCount "157"]
[EventDate "2018.09.24"]
[EventType "team-swiss"]
[EventRounds "11"]
[EventCountry "GEO"]
[SourceTitle "Ajedrez en Madrid"]
[Source "lmi"]
[SourceDate "2018.09.24"]
[WhiteTeam "Philippines"]
[BlackTeam "Venezuela"]
[WhiteTeamCountry "PHI"]
[BlackTeamCountry "VEN"]

1. e4 Nf6 2. e5 Nd5 3. c4 Nb6 4. d4 d6 5. exd6 exd6 6. Bd3 Nc6 7. Ne2 g6 8.
Nbc3 Bg7 9. Be3 O-O 10. b3 Re8 11. O-O Bg4 12. Qd2 d5 13. c5 Nc8 14. Rac1 N8e7
15. Rfe1 Qd7 16. a3 Bf5 17. Bb5 a6 18. Ba4 Be6 19. Bh6 Bh8 20. b4 Nf5 21. Bf4
Qe7 22. Ng3 Qd7 23. Nxf5 Bxf5 24. Be5 Bxe5 25. dxe5 Rad8 26. Rcd1 Be6 27. Qf4
Qe7 28. h4 h5 29. Rd3 Kh7 30. Bb3 d4 31. Ne4 Bxb3 32. Nf6+ Kg7 33. Nxe8+ Rxe8
34. Rxb3 Qe6 35. Qf6+ Kg8 36. Qxe6 Rxe6 37. Kf1 Kf8 38. b5 axb5 39. Rxb5 Nd8
40. Rd1 Rxe5 41. Rxd4 Ne6 42. Rc4 b6 43. cxb6 Rxb5 44. bxc7 Nxc7 45. Rxc7 Rb3
46. Ra7 Rb2 47. a4 Ra2 48. a5 Ke8 49. g3 Kf8 50. Kg2 Ra3 51. Kf1 Ra2 52. Ra8+
Ke7 53. a6 Kd7 54. a7 Ke7 55. Ke1 Kf6 56. Kd1 Ke7 57. Kc1 Kf6 58. Kb1 Ra6 59.
Kb2 Ke7 60. Kc3 Ra4 61. Kb3 Ra1 62. f3 Ra6 63. g4 Ra1 64. Kc4 Ra5 65. g5 Ra1
66. f4 Ra4+ 67. Kb3 Ra6 68. f5 gxf5 69. g6 fxg6 70. Rg8 Rxa7 71. Rg7+ Kf6 72.
Rxa7 f4 73. Kc3 Kf5 74. Kd3 Kg4 75. Rg7 Kxh4 76. Rxg6 Kh3 77. Ke4 h4 78. Kf3
Kh2 79. Rh6 1-0

[Event "43. Olimpiada Batumi 2018 Femenina"]
[Site "Batumi GEO"]
[Date "2018.09.26"]
[Round "3.1"]
[White "Goossens, Hanne"]
[Black "Golubenko, Valentina"]
[Result "0-1"]
[WhiteElo "2220"]
[BlackElo "2254"]
[PlyCount "66"]
[EventDate "2018.09.24"]
[EventType "team-swiss"]
[EventRounds "11"]
[EventCountry "GEO"]
[SourceTitle "Ajedrez en Madrid"]
[Source "lmi"]
[SourceDate "2018.09.24"]
[WhiteTeam "Belgium"]
[BlackTeam "Croatia"]
[WhiteTeamCountry "BEL"]
[BlackTeamCountry "CRO"]

1. e4 e6 2. d4 d5 3. e5 c5 4. c3 Nc6 5. Nf3 Nge7 6. Bd3 cxd4 7. cxd4 Nf5 8.
Bxf5 exf5 9. O-O Be7 10. Nc3 Be6 11. a3 g5 12. b4 f4 13. Ne1 Qb6 14. b5 Qxd4
15. bxc6 Qxc3 16. cxb7 Rb8 17. Qa4+ Bd7 18. Qxa7 O-O 19. Rb1 Bf5 20. Qb6 Bxb1
21. Qxb1 Qc6 22. Nf3 Rxb7 23. Qd3 Rc7 24. h4 Qg6 25. Qxd5 Rfc8 26. Bb2 g4 27.
Nd4 Rb8 28. Ba1 Rb1 29. e6 Rxf1+ 30. Kxf1 Qd3+ 31. Kg1 Rc1+ 32. Kh2 g3+ 33.
fxg3 Qxg3# 0-1